Catálogo
 En Linea

El foro ciudadano como espacio de articulación de la sociedad civil : (Registro nro. 37638)

Detalles MARC
000 -CABECERA
campo de control de longitud fija 00480nam a2200133 a 4500
001 - NÚMERO DE CONTROL
campo de control 000038148
005 - FECHA Y HORA DE LA ÚLTIMA TRANSACCIÓN
campo de control 20201002031202.0
008 - DATOS DE LONGITUD FIJA--INFORMACIÓN GENERAL
campo de control de longitud fija 130319s2002 dr 000 0 spa d
040 ## - FUENTE DE LA CATALOGACIÓN
Centro catalogador/agencia de origen DO-SdBNP
Lengua de catalogación spa
Centro/agencia transcriptor BNPHU
100 1# - ENTRADA PRINCIPAL--NOMBRE DE PERSONA
Nombre de persona Figueiras, Carmen Luisa
9 (RLIN) 64510
245 13 - MENCIÓN DE TÍTULO
Título El foro ciudadano como espacio de articulación de la sociedad civil :
Resto del título balance y perspectivas /
Mención de responsabilidad, etc. Carmén Luisa Figueiras.
260 ## - PUBLICACIÓN, DISTRIBUCIÓN, ETC.
Lugar de publicación, distribución, etc. Santo Domingo :
Nombre del editor, distribuidor, etc. Participación Ciudadana,
Fecha de publicación, distribución, etc. 2002.
300 ## - DESCRIPCIÓN FÍSICA
Extensión 77 p. ;
Dimensiones 26 cm.
Existencias
Estado de retiro Estado de pérdida No para préstamo Código de colección Localización permanente Ubicación/localización actual Ubicación en estantería Fecha de adquisición Número de inventario Total de préstamos Signatura topográfica completa Código de barras Fecha visto por última vez Precio válido a partir de Tipo de ítem Koha
    Excluido de préstamo Patrimonio Dominicano Patrimonio Dominicano Patrimonio Dominicano En catalogación 19.03.2013 LF1   38148-10 25.06.2020 25.06.2020 Libro y Folleto Colección Patrimonio Dominicano

Con tecnología Koha